[Event "XXII Felix Cup"]
[Site "Felix Spa ROM"]
[Date "2007.05.25"]
[Round "1"]
[White "Pop,I"]
[Black "Berczes,C"]
[Result "0-1"]
[WhiteElo "1849"]
[BlackElo "2411"]

1.e4 c5 2.Nf3 Nc6 3.d4 cxd4 4.Nxd4 Qc7 5.Be2 Nf6 6.Nc3 e6 7.O-O a6 8.a3 Be7
9.Be3 O-O 10.f4 d6 11.g4 d5 12.exd5 Nxd5 13.Nxd5 exd5 14.Nxc6 bxc6 15.c4 Re8
16.cxd5 Bd6 17.Bd4 Bxf4 18.Bc4 c5 19.Bc3 Bxh2+ 20.Kh1 Bb7 21.Qf3 Be5 22.Kg1 Qd7
23.Rad1 Bxc3 24.bxc3 Re5 25.Qf4 f6 26.d6+ Kh8 27.Bd3 Qxd6 28.Qh2 h6 29.Bg6 Qe7
30.Bf5 Re2 31.Rf2 Re1+ 32.Rxe1 Qxe1+ 33.Rf1 Qe3+ 34.Rf2 Rd8 35.Qf4 Rd1+  0-1

[Event "50th TCh-SRB Cup"]
[Site "Mataruska Banja SRB"]
[Date "2007.05.25"]
[Round "5"]
[White "Vuckovic,Bo"]
[Black "Miladinovic,I"]
[Result "0-1"]
[WhiteElo "2555"]
[BlackElo "2607"]

1.e4 c5 2.Nf3 Nc6 3.d4 cxd4 4.Nxd4 Qc7 5.Nc3 e6 6.Be3 a6 7.Qd2 Nf6 8.O-O-O Bb4
9.f3 Ne5 10.Nb3 b5 11.Kb1 Rb8 12.Bd4 Be7 13.Qf2 O-O 14.f4 Neg4 15.Qg3 b4
16.e5 bxc3 17.exf6 Nxf6 18.Bxc3 Nh5 19.Qe1 d6 20.g3 Bb7 21.Rg1 Nf6 22.Bg2 Rfc8
23.Bxb7 Qxb7 24.Bxf6 Bxf6 25.Rxd6 Rxc2 26.Kxc2 Qc7+ 27.Kb1 Qxd6 28.Rg2 Qd3+
29.Rc2 Qd5 30.Qd2 Qh1+ 31.Nc1 g6 32.Qg2 Qe1 33.Qe2 Qb4 34.Qd2 Qb5 35.Qe2 Qb6
36.a3 Qa5 37.Qd2 Qb6 38.Qe2 Kg7 39.Ka2 h5 40.Qf2 Bd4 41.Qe2 a5 42.Kb1 Bf6
43.Ka2 h4 44.Kb1 Qg1 45.g4 Qd4 46.g5 Be7 47.Qf3 e5 48.Ne2 Qd1+ 49.Rc1 Qb3
50.Qxb3 Rxb3 51.fxe5 Re3 52.Nd4 Bxg5 53.Rg1 Kh6 54.Rf1 Re4 55.Nc6 Rf4 56.Rd1 a4
57.Rd3 Rf1+ 58.Ka2 Rf2 59.h3 Rg2 60.Rd4 Rg3 61.Rxa4 Rxh3 62.Rd4 Rh1 63.e6 fxe6
64.Ne5 h3 65.a4 h2 66.Ng4+ Kh5 67.Nxh2 Rxh2 68.a5 Rd2 69.Re4 Bf6 70.a6 Rxb2+
71.Ka3 Rb1 72.Rxe6 Bd4 73.Ka4 g5 74.Rd6 Bg1  0-1

[Event "Memorial Day Classic"]
[Site "Los Angeles USA"]
[Date "2007.05.28"]
[Round "6"]
[White "Furman,L2"]
[Black "Peters,Joh"]
[Result "1-0"]
[WhiteElo "2128"]
[BlackElo "2423"]

1.e4 c5 2.Nf3 Nc6 3.d4 cxd4 4.Nxd4 Qb6 5.Nb3 Nf6 6.Nc3 e6 7.Be3 Qc7 8.a3 a6
9.Be2 Be7 10.Qd2 d6 11.f4 b5 12.Bf3 Rb8 13.O-O O-O 14.Qf2 Nd7 15.Qg3 Nb6
16.f5 Bf6 17.Bg5 Be5 18.Qh4 f6 19.Bc1 exf5 20.exf5 Ne7 21.Be4 Qc4 22.Qe1 d5
23.Bd3 Qg4 24.Be2 Bxc3 25.bxc3 Qe4 26.Nc5 Qxf5 27.Rxf5 Bxf5 28.Bd3 Rfe8 29.Qf2 Bxd3
30.cxd3 Rbc8 31.Nxa6 Na4 32.Bd2 Nxc3 33.Bxc3 Rxc3 34.Qd4 Rc6 35.Nb4 Re6 36.Nxd5 Nf5
37.Qf2 Re5 38.Nc3 Nh6 39.h3 Ra8 40.d4 Rg5 41.Qf3 Rd8 42.d5 Nf5 43.Qe4 Nd6
44.Qe6+ Kf8 45.Re1  1-0

[Event "Doroshkevich Mem"]
[Site "Belorechensk RUS"]
[Date "2007.05.29"]
[Round "1"]
[White "Aslakhanov,T"]
[Black "Korobkov,P"]
[Result "0-1"]
[WhiteElo "2066"]
[BlackElo "2425"]

1.e4 c5 2.Nf3 Nc6 3.d4 cxd4 4.Nxd4 Qb6 5.Nb3 Nf6 6.Nc3 e6 7.Be3 Qc7 8.a3 a6
9.f4 d6 10.Be2 b5 11.O-O Be7 12.Qd2 O-O 13.g4 Re8 14.g5 Nd7 15.Rf3 Nb6 16.Qe1 Na4
17.Qh4 Qd8 18.Rh3 h6 19.Qh5 Nxc3 20.bxc3 e5 21.Rg3 exf4 22.Bxf4 hxg5 23.Bxg5 Bxg5
24.Rxg5 Re5 25.Rxe5 Nxe5 26.Rd1 Bb7 27.Bd3 Qc7 28.Nd4 g6 29.Qg5  0-1

[Event "5th V Nabokov Mem"]
[Site "Kyiv UKR"]
[Date "2007.06.03"]
[Round "1"]
[White "Ogleznev,A"]
[Black "Nyzhnyk,I"]
[Result "0-1"]
[WhiteElo "2270"]
[BlackElo "2344"]

1.e4 c5 2.Nf3 Nc6 3.d4 cxd4 4.Nxd4 Qb6 5.Nb3 Nf6 6.Nc3 e6 7.Bd3 a6 8.O-O d6
9.a4 Qc7 10.a5 b5 11.axb6 Qxb6 12.Be3 Qb8 13.Na4 Nd7 14.f4 Be7 15.Kh1 O-O
16.Rf3 Nb4 17.Rh3 Nxd3 18.cxd3 Bb7 19.Na5 Bd8 20.Nxb7 Qxb7 21.Bd4 Bf6 22.Qh5 h6
23.e5 dxe5 24.fxe5 Bg5 25.Nc5 Nxc5 26.Bxc5 Rfc8 27.d4 Qxb2 28.Rf1 Rc7 29.Rhf3 Qb7
30.h4 Bd2 31.Qg4 Kh8 32.R1f2 Bc1 33.Kh2 Rg8 34.Rc3 Bb2 35.Rcc2 Rxc5 36.dxc5 Bxe5+
37.g3 Rd8 38.Qf3 Qc7 39.Kg2 f5 40.Rc4 Rd5 41.c6 Qd8 42.Re2 Rd3 43.Re3 Rxe3
44.Qxe3 Qd5+ 45.Kh2 Qxc4 46.Qxe5 Qxc6 47.h5 Qc2+ 48.Kg1 Qe4 49.Qb8+ Kh7 50.Qe8 Qg4
51.Kf2 f4 52.gxf4 Qxf4+ 53.Ke2 Qf5  0-1

[Event "Doroshkevich Mem"]
[Site "Belorechensk RUS"]
[Date "2007.06.04"]
[Round "7"]
[White "Dashko,A"]
[Black "Weetik,V"]
[Result "0-1"]
[WhiteElo "2359"]
[BlackElo "2410"]

1.e4 c5 2.Nf3 Nc6 3.d4 cxd4 4.Nxd4 Qb6 5.Nb3 Nf6 6.Nc3 e6 7.Be3 Qc7 8.Bd3 a6
9.f4 d6 10.Qf3 Be7 11.g4 b5 12.g5 Nd7 13.O-O-O Bb7 14.Kb1 b4 15.Ne2 a5 16.Nbd4 a4
17.h4 Nc5 18.Nxc6 Bxc6 19.Bd4 Nxd3 20.cxd3 e5 21.Bf2 a3 22.b3 f5 23.gxf6 Bxf6
24.h5 h6 25.Bh4 O-O 26.Bxf6 Rxf6 27.Rhg1 Bb5 28.f5 Qa7 29.d4 Rc8 30.Rd2 d5
31.dxe5  0-1

[Event "29th Mem Nezhmetdinov"]
[Site "Kazan RUS"]
[Date "2007.06.06"]
[Round "6"]
[White "Poleshchuk,D"]
[Black "Gazizov,R"]
[Result "1/2-1/2"]
[WhiteElo "2056"]
[BlackElo "2234"]

1.e4 c5 2.Nf3 Nc6 3.d4 cxd4 4.Nxd4 Qb6 5.Nb3 Nf6 6.Nc3 e6 7.Be3 Qc7 8.Bd3 d6
9.O-O a6 10.a4 b6 11.f4 Be7 12.Qf3 O-O 13.Qh3 g6 14.g4 Re8 15.g5 Nd7 16.f5 Nde5
17.f6 Bf8 18.Rad1 Rb8 19.Qg3 Na5 20.Nd2 Bb7 21.Nf3 Nac4 22.Bxc4 Nxc4 23.Bc1 Qc5+
24.Qf2 Qc7 25.b3 Ne5 26.Nxe5 dxe5 27.Rd3 Red8 28.Rfd1 Rxd3 29.Rxd3 Bc6 30.Be3 Qb7
31.Qh4 b5 32.Bd2 b4 33.Ne2 Bxe4 34.Rh3 h5 35.gxh6 Kh7 36.Qf2 Rd8 37.Ng3 Bxc2
38.Nf1 e4 39.Rg3 Rd3 40.Bxb4 Qxb4 41.Qxc2 Qc5+ 42.Qf2 a5 43.Kg2 Qc7 44.Qe2 Rd5
45.Qxe4 Bd6 46.Rf3 Qc1 47.Qe3 Qxe3 48.Rxe3 Kxh6 49.Rf3 g5 50.h3 Kg6 51.Ne3 Rd3
52.Ng4 Rd2+ 53.Kf1 Bf4 54.Ke1 Rd5 55.Ke2 Rd2+ 56.Ke1  1/2-1/2

[Event "8th UKR Universiad"]
[Site "Evpatoria UKR"]
[Date "2007.06.07"]
[Round "2"]
[White "Smirnov,I UKR"]
[Black "Kononenko,Dmitry1"]
[Result "0-1"]
[WhiteElo "2433"]
[BlackElo "2501"]

1.e4 c5 2.Nf3 Nc6 3.d4 cxd4 4.Nxd4 Qb6 5.Nb3 Nf6 6.Nc3 e6 7.g3 Bb4 8.Bg2 d5
9.O-O Bxc3 10.exd5 Nxd5 11.bxc3 O-O 12.c4 Nde7 13.c5 Qa6 14.Bb2 e5 15.Re1 f6
16.a4 Rd8 17.Bf1 Rxd1 18.Rexd1 b5 19.axb5 Qb7 20.bxc6 Nxc6 21.Rd6 Bd7 22.Bg2 Rc8
23.Bc3 Be8 24.Bh3 Rb8 25.Bg2 Qc7 26.h4 a5 27.Nxa5 Ne7 28.Nb3 Bc6 29.Ba5 Qb7
30.Bxc6 Nxc6 31.Bb6 e4 32.Nd2 e3 33.fxe3 Qe7 34.Nf1 Rxb6 35.Rad1 Ra6  0-1

[Event "National Open"]
[Site "Las Vegas USA"]
[Date "2007.06.09"]
[Round "3"]
[White "Bruno,Ro"]
[Black "Aradhyula,V"]
[Result "1-0"]
[WhiteElo "2219"]
[BlackElo "2141"]

1.e4 c5 2.Nf3 Nc6 3.d4 cxd4 4.Nxd4 Qc7 5.Nc3 e6 6.g3 a6 7.Bg2 Nf6 8.O-O Nxd4
9.Qxd4 Bc5 10.Bf4 d6 11.Qd2 h6 12.h3 O-O 13.a3 e5 14.Be3 Be6 15.Rfc1 Rfd8
16.Nd5 Bxd5 17.exd5 Bxe3 18.Qxe3 Rac8 19.c4 Nd7 20.b4 b6 21.Be4 Ra8 22.Bf5 Nf6
23.Rab1 Rab8 24.h4 Qe7 25.a4 b5 26.Qe2 g6 27.Bh3 Qb7 28.axb5 axb5 29.c5 Nxd5
30.Bg2 dxc5 31.Rxc5 Rd6 32.Qxe5 Rbd8 33.Kh2 Qd7 34.Bh3 Qe8 35.Qxe8+ Rxe8
36.Rd1 Red8 37.Rxb5 Nc3 38.Rxd6 Rxd6 39.Rb8+ Kg7 40.b5 Ne4 41.b6 Nxf2 42.b7 Nxh3
43.Rg8+ Kxg8 44.b8=Q+ Kh7 45.Qxd6 Nf2 46.Qd7 Kg8 47.Kg2 Ne4 48.Qe8+  1-0

[Event "7th ch-Euro Senior"]
[Site "Hockenheim GER"]
[Date "2007.06.10"]
[Round "9"]
[White "Schaefer,G"]
[Black "Lein,Ma"]
[Result "0-1"]
[WhiteElo "1844"]
[BlackElo "2017"]

1.e4 c5 2.Nf3 Nc6 3.d4 cxd4 4.Nxd4 Qc7 5.Nc3 e6 6.f4 a6 7.Be3 Bb4 8.Ne2 Nf6
9.a3 Be7 10.Ng3 O-O 11.Bd3 Na5 12.e5 Ne8 13.Qh5 f5 14.exf6 Nxf6 15.Qf3 Nc4
16.Bc1 d5 17.O-O Bd7 18.b3 Bc5+ 19.Kh1 Nd6 20.b4 Ba7 21.Re1 Rae8 22.Bd2 Nc4
23.Bc1 Kh8 24.Rb1 d4 25.Nce4 Ne3 26.Bxe3 dxe3 27.c4 Bc6 28.c5 Nxe4 29.Bxe4 Bxe4
30.Qxe4 Rxf4 31.Qxe3 Bb8 32.Rbd1 Rh4 33.Rd3 e5 34.Qg5 Rc4 35.Red1 h6 36.Qg6 Rg8
37.Rd7 Qxd7  0-1

[Event "ch-COL"]
[Site "Cartagena de Indias COL"]
[Date "2007.06.16"]
[Round "5"]
[White "Mosquera,M"]
[Black "Escobar Forero,A"]
[Result "0-1"]
[WhiteElo "2414"]
[BlackElo "2473"]

1.e4 c5 2.Nf3 Nc6 3.d4 cxd4 4.Nxd4 Qb6 5.Nb3 Nf6 6.Nc3 e6 7.Bd3 Be7 8.Qe2 d6
9.f4 a6 10.g4 Nd7 11.Be3 Qc7 12.O-O-O b5 13.Qf2 Bb7 14.Kb1 b4 15.Na4 O-O
16.g5 Rfc8 17.Nb6 Nxb6 18.Bxb6 Qb8 19.h4 a5 20.h5 a4 21.Nc1 b3 22.a3 bxc2+
23.Bxc2 Na5 24.Na2 Nc4 25.Rh2 Ra6 26.Bd4 Nxa3+ 27.bxa3 Bxe4+ 28.Nb4 Rxc2
29.Qxc2 Bxc2+ 30.Rxc2 Ra8 31.Rdc1 d5 32.Be5 Qf8 33.h6 gxh6 34.gxh6 f6 35.Rg1+ Kh8
36.Rg7 fxe5 37.Rc7 Qf5+  0-1

[Event "XXV Open"]
[Site "Novi Becej SRB"]
[Date "2007.06.17"]
[Round "9"]
[White "Kovacic,Vl"]
[Black "Kostic,Du"]
[Result "1-0"]
[WhiteElo "2099"]
[BlackElo "2020"]

1.e4 c5 2.Nf3 Nc6 3.d4 cxd4 4.Nxd4 Qc7 5.Nc3 e6 6.g3 a6 7.Bg2 Nf6 8.O-O d6
9.Nce2 Be7 10.b3 Bd7 11.c4 e5 12.Nc2 Be6 13.Nc3 h6 14.Ne3 O-O 15.Nf5 Bxf5
16.exf5 Rab8 17.a4 Nd4 18.g4 b5 19.axb5 axb5 20.h4 b4 21.Na4 Nh7 22.g5 hxg5
23.hxg5 Bxg5 24.Bxg5 Nxg5 25.Qg4 Nh7 26.f4 Nf6 27.Qd1 Nxf5 28.fxe5 Qa7+ 29.c5 Ne3
30.Qxd6 Nxf1 31.exf6 Rfe8 32.Rxf1 gxf6 33.Qg3+ Kf8 34.Rxf6 Rbd8 35.Rh6 Rd1+
36.Kh2 Ree1 37.Rh8+ Ke7 38.Qg5+ Kd7 39.Nb6+ Kc7 40.Rc8+  1-0

[Event "III Perla Baltyku A"]
[Site "Mielno POL"]
[Date "2007.06.24"]
[Round "8"]
[White "Staniszewski,Pi"]
[Black "Hnydiuk,A"]
[Result "1/2-1/2"]
[WhiteElo "2402"]
[BlackElo "2377"]

1.e4 c5 2.Nf3 Nc6 3.d4 cxd4 4.Nxd4 Qc7 5.Nc3 e6 6.Be2 Nf6 7.O-O a6 8.Be3 Be7
9.f4 d6 10.a4 O-O 11.Kh1 Rd8 12.Qe1 Nxd4 13.Bxd4 e5 14.Be3 exf4 15.Bxf4  1/2-1/2

[Event "White Nights"]
[Site "St Petersburg RUS"]
[Date "2007.06.26"]
[Round "2"]
[White "Shchukin,D"]
[Black "Nikolaev,V RUS"]
[Result "1/2-1/2"]
[WhiteElo "2355"]
[BlackElo "2171"]

1.e4 c5 2.Nf3 Nc6 3.d4 cxd4 4.Nxd4 Qc7 5.Nc3 e6 6.g3 a6 7.Bg2 Nf6 8.O-O Be7
9.Re1 d6 10.Nxc6 bxc6 11.e5 dxe5 12.Rxe5 O-O 13.Bf4 Qb7 14.Re3 Bd7 15.Na4 Nd5
16.Rb3 Qa7 17.Bd2 c5 18.Bxd5 exd5 19.Nb6 c4 20.Nxd7 Qxd7 21.Rf3 d4 22.Qe2 Qc6
23.Rf4 Bf6 24.Re1 Rfe8 25.Re4 Rxe4 26.Qxe4 Qxe4 27.Rxe4 h5 28.Kf1 Rb8 29.Bc1 Rc8
30.Ke1 a5 31.h4 Rb8 32.Kd1 a4 33.c3 dxc3 34.bxc3 Rc8 35.Kc2 g6 36.Bf4 a3
37.Bc1 Kg7 38.Bxa3 Ra8 39.Bb2 Ra4 40.Kb1 Kf8 41.a3 Be7 42.Ka2 Bc5 43.Re2 f6
44.Bc1 Kf7 45.f3 Bd6 46.g4 Be5 47.Bb2 hxg4 48.fxg4 Ke6 49.h5 gxh5 50.gxh5 f5
51.Bc1 Kd5 52.Rf2 Ke4 53.Re2+ Kd5 54.h6 Ra7 55.Rd2+ Ke4 56.Re2+ Kd5 57.Rf2 Ke4
58.Re2+ Kd5 59.Rd2+ Ke4  1/2-1/2

[Event "White Nights"]
[Site "St Petersburg RUS"]
[Date "2007.07.02"]
[Round "8"]
[White "Chekmenev,V"]
[Black "Nikolaev,V RUS"]
[Result "0-1"]
[WhiteElo "1854"]
[BlackElo "2171"]

1.e4 c5 2.Nf3 Nc6 3.d4 cxd4 4.Nxd4 Qc7 5.Nb5 Qb8 6.c4 a6 7.N5c3 e6 8.Be3 Qc7
9.Be2 b6 10.O-O Nf6 11.f4 d6 12.Na3 Be7 13.Nc2 Bb7 14.Bf3 O-O 15.Rc1 Na5
16.b3 b5 17.Qd4 bxc4 18.b4 e5 19.Qd2 Nc6 20.f5 Rfd8 21.Qf2 Rdc8 22.g4 d5
23.exd5 Nxb4 24.Nxb4 Bxb4 25.g5 Bxc3 26.gxf6 Bb4 27.Qg2 g6 28.Be4 Bc5 29.Rf3 Bxe3+
30.Rxe3 Qb6 31.Rc3 Qxf6 32.fxg6 fxg6 33.h4 Kh8 34.h5 gxh5 35.Rf3 Qb6+ 36.Kh2 Rg8
37.Qh3 Qh6 38.Rf7 Qd2+ 39.Bg2 Bxd5 40.Rxh7+ Kxh7 41.Qf5+ Kh6  0-1

[Event "Copa Puma Mercosur"]
[Site "Villa Martelli ARG"]
[Date "2007.07.09"]
[Round "3"]
[White "Flores Rios,M"]
[Black "Panno,O"]
[Result "1/2-1/2"]
[WhiteElo "2391"]
[BlackElo "2457"]

1.e4 c5 2.Nf3 Nc6 3.d4 cxd4 4.Nxd4 Qb6 5.Nb3 Nf6 6.Nc3 e6 7.Qe2 d6 8.g4 a6
9.Bg2 Be7 10.g5 Nd7 11.Be3 Qc7 12.f4 b5 13.O-O Rb8 14.Kh1 Nb6 15.Qf2 Nc4
16.Bc1 O-O 17.Ne2 Re8 18.Nbd4 Nxd4  1/2-1/2

[Event "Open"]
[Site "Banska Stiavnica SVK"]
[Date "2007.07.13"]
[Round "7"]
[White "Nemeth,Mi1"]
[Black "Priborsky,J"]
[Result "0-1"]
[WhiteElo "2427"]
[BlackElo "2338"]

1.e4 c5 2.Nf3 Nc6 3.d4 cxd4 4.Nxd4 Qc7 5.Nb3 Nf6 6.Nc3 e6 7.Bd3 a6 8.O-O b5
9.Be3 Bb7 10.f4 d6 11.Qf3 Be7 12.Qh3 h5 13.Kh1 Nb4 14.Rac1 Rc8 15.a4 bxa4
16.Nxa4 Nxe4 17.Nb6 Rb8 18.Rfe1 Nf6 19.Nd4 Qxb6 20.Nxe6 Qc6 21.Nxg7+ Kf8
22.Nf5 Rg8 23.Re2 Re8 24.Nd4 Qd5 25.Bf5 Bd8 26.c3 Rxe3 27.Rxe3 Rxg2 28.Nf3 Na2
29.Rd3 Qc6 30.Rf1 Rxb2 31.Qg3 Nxc3 32.Qg5 Nce4 33.Bxe4 Qxe4 34.Rxd6 Qxf3+
35.Rxf3 Bxf3+ 36.Kg1 Rb1+  0-1

[Event "Open A"]
[Site "Oberwart AUT"]
[Date "2007.07.13"]
[Round "7"]
[White "Ernst,T"]
[Black "Dziuba,M"]
[Result "1/2-1/2"]
[WhiteElo "2434"]
[BlackElo "2536"]

1.e4 c5 2.Nf3 Nc6 3.d4 cxd4 4.Nxd4 Qb6 5.Nb3 Nf6 6.Nc3 e6 7.Bd3 a6 8.Be3 Qc7
9.f4 d6 10.Qf3 b5 11.g4 Bb7 12.g5 Nd7 13.O-O-O b4 14.Ne2 Be7 15.Kb1 a5 16.Nbd4 a4
17.Nxc6 Bxc6 18.Nd4 a3 19.b3 Bb7 20.Bd2 Qb6 21.Be3 Qc7 22.Bd2 Qb6  1/2-1/2

[Event "ChIP"]
[Site "Paris FRA"]
[Date "2007.07.15"]
[Round "9"]
[White "Guliyev,N"]
[Black "Khairallah,F"]
[Result "1-0"]
[WhiteElo "2571"]
[BlackElo "2323"]

1.e4 c5 2.Nf3 Nc6 3.d4 cxd4 4.Nxd4 Qb6 5.Nb3 Nf6 6.Nc3 e6 7.Bd3 d6 8.Be3 Qc7
9.f4 a6 10.Qf3 Be7 11.g4 b5 12.g5 Nd7 13.O-O-O Nb4 14.Kb1 Bb7 15.h4 Rc8 16.Rhe1 O-O
17.Nd4 d5 18.e5 Nxd3 19.cxd3 b4 20.Nce2 Nc5 21.h5 a5 22.g6 fxg6 23.hxg6 h6
24.Qh3 Qd7 25.f5 Rxf5 26.Nxf5 exf5 27.Nd4 Ba6 28.Nxf5 Qb7 29.Bxh6 gxh6 30.Nxh6+ Kf8
31.g7+ Kxg7 32.Rg1+  1-0

[Event "ch-Montenegro"]
[Site "Cetinje MNE"]
[Date "2007.07.20"]
[Round "9"]
[White "Mijovic,S"]
[Black "Djukic,Ni"]
[Result "0-1"]
[WhiteElo "2234"]
[BlackElo "2531"]

1.e4 c5 2.Nf3 Nc6 3.d4 cxd4 4.Nxd4 Qc7 5.Nc3 e6 6.Be2 a6 7.Be3 Nf6 8.O-O Be7
9.f4 d6 10.Qe1 O-O 11.Qg3 Nxd4 12.Bxd4 b5 13.a3 Bb7 14.Kh1 Bc6 15.Rae1 Qb7
16.Bd3 b4 17.axb4 Qxb4 18.Ne2 Qb7 19.e5 dxe5 20.Bxe5 g6 21.Nc3 Rae8 22.Qh3 Nd7
23.Be4 Bxe4 24.Nxe4 f5 25.Nd6 Bxd6 26.Bxd6 Rf7 27.b3 Nf6 28.Ba3 Ne4 29.Qe3 Rd7
30.Bb2 Red8 31.Re2 h6 32.Rfe1 Kh7 33.Qc1 Qb6 34.Qe3 Qxe3 35.Rxe3 Rd2 36.g3 Rxc2
37.R3e2 Rdd2 38.Rxd2 Nxd2  0-1

[Event "11th Festival Open A"]
[Site "Senta SRB"]
[Date "2007.07.21"]
[Round "1"]
[White "Cvetic,M"]
[Black "Andonov,B"]
[Result "0-1"]
[WhiteElo "2116"]
[BlackElo "2383"]

1.e4 c5 2.Nf3 Nc6 3.d4 cxd4 4.Nxd4 Qc7 5.Nc3 e6 6.Be3 Nf6 7.g3 a6 8.Bg2 Na5
9.O-O Nc4 10.Bc1 Bc5 11.b3 Ne5 12.Na4 Ba7 13.Kh1 b5 14.Nb2 Bb7 15.f4 Nc6
16.Nxc6 Qxc6 17.Re1 Nxe4 18.Rxe4 Qxe4 19.Qd2 Rc8 20.c4 Qd4 21.Qxd4 Bxg2+
22.Kxg2 Bxd4 23.Rb1 O-O  0-1

[Event "11th Festival Open A"]
[Site "Senta SRB"]
[Date "2007.07.22"]
[Round "3"]
[White "Farkas,Ti"]
[Black "Matsenko,S"]
[Result "0-1"]
[WhiteElo "2318"]
[BlackElo "2406"]

1.e4 c5 2.Nf3 Nc6 3.d4 cxd4 4.Nxd4 Qc7 5.Nc3 e6 6.g3 a6 7.Bg2 Nf6 8.O-O Be7
9.Re1 O-O 10.Nxc6 dxc6 11.e5 Nd5 12.Bd2 Nxc3 13.Bxc3 b5 14.b4 Bb7 15.a4 c5
16.Bxb7 Qxb7 17.Qg4 Rfd8 18.Reb1 a5 19.bxc5 b4 20.Be1 Qd5 21.c3 b3 22.c6 Rac8
23.Qe2 Rxc6 24.Rd1 Qc5 25.Rxd8+ Bxd8 26.Rb1 Rb6 27.Qd1 Qd5 28.Qxd5 exd5 29.Kf1 Be7
30.Ke2 f6 31.exf6 Bxf6 32.Kd3 Rb8 33.f3 Kf7 34.Bd2 Ke6 35.c4 b2 36.cxd5+ Kxd5
37.Kc2 Kc4 38.Bxa5 Ra8 39.Bc7 Rxa4 40.f4 Ra1 41.g4 Kd5 42.h4 Ke4 43.g5 Bd4
44.h5 Kf5 45.h6 g6 46.Rxb2 Bxb2 47.Kxb2 Ra4  0-1

[Event "Sun Pawn Open"]
[Site "Ilichevsk UKR"]
[Date "2007.07.24"]
[Round "5"]
[White "Shepotilo,V"]
[Black "Nyzhnyk,I"]
[Result "1-0"]
[WhiteElo "2194"]
[BlackElo "2341"]

1.e4 c5 2.Nf3 Nc6 3.d4 cxd4 4.Nxd4 Qb6 5.Nb3 Nf6 6.Nc3 e6 7.Bd3 d6 8.O-O a6
9.Be3 Qc7 10.f4 b5 11.g4 Bb7 12.g5 Nd7 13.a4 b4 14.Ne2 Be7 15.Ng3 g6 16.Qe2 a5
17.Bb5 O-O 18.h4 d5 19.e5 Ndxe5 20.fxe5 Qxe5 21.Bf4 Qxe2 22.Nxe2 Rfc8 23.Ned4 Nd8
24.Rf2 Ba6 25.Bxa6 Rxa6 26.Be5 Rc4 27.Raf1 Ra8 28.Rf4 Ra6 29.Nd2 Rc8 30.Kh1 Ra7
31.N2f3 Bf8 32.h5 Nc6 33.Nxc6 Rxc6 34.Bd4 Bd6 35.Ne5 Bxe5 36.Bxe5 Rc4 37.Rxc4 dxc4
38.Rd1 f6 39.Rd8+ Kf7 40.Rh8 Ra6 41.gxf6  1-0

[Event "11th Festival Open A"]
[Site "Senta SRB"]
[Date "2007.07.25"]
[Round "6"]
[White "Andrijevic,M"]
[Black "Pacal,M"]
[Result "1/2-1/2"]
[WhiteElo "2338"]
[BlackElo "2207"]

1.e4 c5 2.Nf3 Nc6 3.d4 cxd4 4.Nxd4 Qc7 5.Nc3 e6 6.Be2 a6 7.O-O Nf6 8.Kh1 b5
9.Nxc6 dxc6 10.f4 Be7 11.e5 Nd5 12.Nxd5 cxd5 13.c3 O-O 14.Be3 Rb8 15.Bd4 Bd7
16.Qd2 a5 17.a3 Rb7 18.Qe3 Rc8 19.Bd3 Bf8 20.b4 g6 21.g4 Qd8 22.Rf3 Bc6 23.Rg1 Qe8
24.Qf2 axb4 25.axb4 Ra7 26.Qf1 Ra3 27.Bxb5 Bxb5 28.Qxb5 Rb8 29.Qf1 Rc8 30.Qd1 Qc6
31.Rgf1 Rca8 32.f5 Bg7 33.Qd2 Re8 34.fxg6 fxg6 35.Rf7 Rf8 36.Qf2 Raa8 37.Rxf8+ Rxf8
38.Qe2 Rxf1+ 39.Qxf1 Qc7 40.Qe2 Qf7 41.b5 Qf4 42.b6 Qc1+ 43.Kg2 Qb1 44.Kg3 Bh6
45.Kh3 Bg5 46.Kg3 Bd8 47.Qe3 Kg7 48.h4 h6 49.Qf2 Qh1 50.Qc2 Qxh4+ 51.Kf3 Qh1+
52.Qg2 Qd1+ 53.Qe2  1/2-1/2

[Event "Open NK"]
[Site "Dieren NED"]
[Date "2007.07.28"]
[Round "5"]
[White "Barua,D"]
[Black "Gofshtein,Z"]
[Result "1/2-1/2"]
[WhiteElo "2462"]
[BlackElo "2541"]

1.e4 c5 2.Nf3 Nc6 3.d4 cxd4 4.Nxd4 Qb6 5.Nb3 Nf6 6.Nc3 e6 7.a3 a6 8.Bf4 e5
9.Bg5 Be7 10.Bxf6 Bxf6 11.Nd5 Qd8 12.Nd2 b5 13.a4 Rb8 14.axb5 axb5 15.c3 O-O
16.Bd3 b4 17.Nc4 Be7 18.O-O bxc3 19.bxc3 Bc5 20.Qa4 Bb7 21.Rab1 Ba8 22.Rxb8 Qxb8
23.Rb1 Qd8 24.Qb5 d6 25.Ra1 Na7 26.Qa5 Bxd5 27.exd5 Qf6 28.Ne3 Nc8 29.Qa4 g6
30.g3 Ne7 31.Be4 Qg7 32.Qd7 f5 33.Bg2 f4 34.Nd1 f3 35.Qe6+ Kh8 36.Bf1 h5
37.Bd3 Rf6 38.Qh3 Qf7 39.Be4 Nf5 40.Ra8+ Kg7 41.g4 Qb7 42.Rd8 Bb6 43.Re8 Qd7
44.Rb8 Ba7 45.Ra8 Ne7 46.Bxf3 Qb7 47.Re8 Qd7 48.Ra8 Qb7  1/2-1/2

[Event "Open NK"]
[Site "Dieren NED"]
[Date "2007.07.30"]
[Round "6"]
[White "Van der Weide,K"]
[Black "Khairallah,F"]
[Result "1/2-1/2"]
[WhiteElo "2512"]
[BlackElo "2323"]

1.e4 c5 2.Nf3 Nc6 3.d4 cxd4 4.Nxd4 Qb6 5.Nb3 Nf6 6.Nc3 e6 7.Bd3 d6 8.Be3 Qc7
9.f4 a6 10.Qf3 Be7 11.g4 b5 12.g5 Nd7 13.O-O-O Nb4 14.Kb1 Nxd3 15.cxd3 b4
16.Ne2 a5 17.Rc1 Qb7 18.Rhd1 O-O 19.Nbd4 Re8 20.h4 Nc5 21.h5 Qd7 22.g6 fxg6
23.hxg6 hxg6 24.Qg3 Ba6 25.Qxg6 Rac8 26.e5 Bf8 27.Nf3 Qf7 28.Qxf7+ Kxf7 29.Bxc5 Rxc5
30.Rxc5 dxc5 31.b3 Be7 32.Kc2 Rh8 33.Rg1 Bb7 34.Rg3 Rh1 35.Kd2 Rb1 36.Kc2 Rf1
37.Nd2 Rf2 38.Kd1 Bc6 39.Ne4 Rh2 40.Kd2 a4 41.Rg1 Bd5 42.Rc1 axb3 43.axb3 Bxb3
44.Nxc5 Bd5 45.Ne4 b3 46.Rb1 Bb4+ 47.Ke3 Rh3+ 48.Kd4 Bxe4 49.Kxe4 Bd2 50.Kd4 Rh2
51.Nc3 b2 52.Rxb2 Be3+ 53.Kxe3 Rxb2 54.Ne4 Kg6 55.Nd6 Rb1 56.d4 Re1+ 57.Kf3 Rd1
58.Ke4 Rb1 59.Ke3 Re1+ 60.Kf3 Rh1 61.Ke3 Rh3+ 62.Ke4 Rh4 63.Ke3 Rh8 64.Kf3 Rh1
65.Ke3 Re1+  1/2-1/2

[Event "Jihlavanka Cup GMB"]
[Site "Olomouc CZE"]
[Date "2007.08.01"]
[Round "1"]
[White "Reutsky,S"]
[Black "Haznedaroglu,K"]
[Result "0-1"]
[WhiteElo "2360"]
[BlackElo "2440"]

1.e4 c5 2.Nf3 Nc6 3.d4 cxd4 4.Nxd4 Qb6 5.Nb3 Nf6 6.Be3 Qc7 7.f3 e6 8.c4 Bb4+
9.Nc3 O-O 10.Be2 d5 11.O-O dxe4 12.fxe4 Bd6 13.h3 Bh2+ 14.Kh1 Be5 15.Qe1 Bd7
16.Nc5 Rad8 17.Rd1 b6 18.Nb5 Qb8 19.Nxd7 Rxd7 20.Rxd7 Nxd7 21.b3 Nc5 22.Qb1 a6
23.Na3 Qd6 24.b4 Nd7 25.c5 bxc5 26.Nc4 Qc7 27.Nxe5 Qxe5 28.bxc5 Nxc5 29.Bxc5 Qxc5
30.Bxa6 Qa3 31.Bc4 Ne5 32.Bb3 Rd8 33.Qe1 h6 34.Qc3 Qa6 35.Qc1 Rd4 36.Rd1 Qd6
37.Qc8+ Kh7 38.Rf1 Rd3 39.Qc1 Qd4 40.Qa1 Qd6 41.Rd1 g5 42.Rxd3 Nxd3 43.Qf1 Kg7
44.Bd1 Qd4 45.Bh5 f6 46.Bf3 Nf2+ 47.Kh2 Nxe4 48.Bxe4 Qxe4 49.Qf2 h5 50.Qa7+ Kg6
51.a4 g4 52.hxg4 hxg4 53.Qd7 Qe5+ 54.Kg1 Qe1+ 55.Kh2 Qh4+ 56.Kg1 Qe1+ 57.Kh2 Qh4+
58.Kg1 g3 59.Qe8+ Kg5 60.Qxe6 Qh2+ 61.Kf1 Qh1+ 62.Ke2 Qxg2+ 63.Kd3 Qf1+ 64.Kd2 g2
65.Qg8+ Kh4 66.Qh7+ Kg3 67.Qg6+ Kh2 68.Qh5+ Kg1 69.a5 Qf4+ 70.Ke2 Qe4+ 71.Kd2 Kf2
72.Qc5+ Kg3 73.a6 Qf4+ 74.Kc2 Qe4+ 75.Kd2 Qf4+ 76.Kc2 Qe5 77.Qa3+ Kh2 78.a7 g1=Q
79.a8=Q Qe2+ 80.Kc3 Qg3+ 81.Kb4 Qe7+  0-1

[Event "Open NK"]
[Site "Dieren NED"]
[Date "2007.08.02"]
[Round "9"]
[White "Op den Kelder,J"]
[Black "Niemi,M"]
[Result "0-1"]
[WhiteElo "2247"]
[BlackElo "2149"]

1.e4 c5 2.Nf3 Nc6 3.d4 cxd4 4.Nxd4 Qb6 5.Nb3 Nf6 6.Nc3 e6 7.Bd3 d6 8.O-O a6
9.Qe2 Be7 10.Bd2 O-O 11.Rae1 Qc7 12.f4 b5 13.Rf3 Bb7 14.Rh3 g6 15.e5 Nd7
16.Rxh7 Kxh7 17.f5 Kg7 18.f6+ Nxf6 19.exf6+ Bxf6 20.Ne4 Be5 21.Ng5 Qe7 22.Qf2 Rh8
23.h3 Rh5 24.Rf1 Rf8 25.Qb6 Ba8 26.Nf3 Qa7 27.Qxa7 Nxa7 28.Nxe5 dxe5 29.Nc5 Rc8
30.Nxa6 e4 31.Be2 Rd5 32.Bc3+ Rxc3 33.bxc3 Rd2 34.Bd1 e3 35.Bf3 Bxf3 36.gxf3 Rxc2
37.Nb4 Rxc3 38.Rb1 Nc8 39.Kf1 Nb6 40.Ke2 Nc4 41.Rb3 Rc1 42.a3 Rh1 43.Nc6 Rh2+
44.Ke1 Rxh3 45.Nd4 Rh1+ 46.Ke2 Rh2+ 47.Ke1 f5 48.f4 Kf6 49.Rc3 e5 50.fxe5+ Nxe5
51.Rxe3 Rb2 52.Kd1 f4 53.Re2 Rb1+ 54.Kc2 Ra1 55.Kb2 Rd1 56.Re4 g5 57.Kc2 Ra1
58.Kd2 f3 59.Nxf3 Nxf3+ 60.Ke2 Rxa3 61.Rb4 Rb3  0-1

[Event "Ave-Kontakt Cup IMC"]
[Site "Olomouc CZE"]
[Date "2007.08.02"]
[Round "2"]
[White "Smith,Ax"]
[Black "Klima,L"]
[Result "0-1"]
[WhiteElo "2284"]
[BlackElo "2405"]

1.e4 c5 2.Nf3 Nc6 3.d4 cxd4 4.Nxd4 Qb6 5.Nb3 Nf6 6.Nc3 e6 7.Be3 Qc7 8.Bd3 a6
9.f4 d6 10.g4 h6 11.h4 h5 12.g5 Ng4 13.Bg1 g6 14.Na4 Bg7 15.Nb6 Rb8 16.c3 O-O
17.Qc2 d5 18.e5 d4 19.Nxc8 Rbxc8 20.Nxd4 Nxd4 21.Bxd4 Rfd8 22.Qe2 Bf8 23.Rg1 b5
24.a3 Bc5 25.Bxc5 Qxc5 26.Rg3 Rc7 27.O-O-O b4 28.axb4 Qxb4 29.Rf3 Rb8 30.Be4 Qc5
31.Rfd3 Kg7 32.Rd4 a5 33.Bf3 Qb6 34.Bxg4 hxg4 35.Qc2 Rcb7 36.R1d2 Qc6 37.Qd1 Rb3
38.Rc2 a4 39.Rd6 Qa8 40.Qxg4 a3 41.bxa3 Qe4 42.Rd4 Qe1+  0-1

[Event "12th Open"]
[Site "Creon FRA"]
[Date "2007.08.03"]
[Round "7"]
[White "Critelli,J"]
[Black "Mullon,J"]
[Result "1-0"]
[WhiteElo "2262"]
[BlackElo "2333"]

1.e4 c5 2.Nf3 Nc6 3.d4 cxd4 4.Nxd4 Qb6 5.Nb3 Nf6 6.Nc3 e6 7.Bd3 d6 8.a4 Be7
9.O-O O-O 10.a5 Qc7 11.f4 Bd7 12.Bd2 Rac8 13.Nb5 Qb8 14.Qf3 a6 15.N5d4 e5
16.fxe5 dxe5 17.Nf5 Bxf5 18.Qxf5 Rc7 19.Bc3 Rd7 20.Rf3 Qc7 21.Rg3 Kh8 22.Rf1 g6
23.Qf2 Nh5 24.Rh3 f6 25.Bd2 Nd4 26.Nxd4 Rxd4 27.Be3 Ra4 28.Kh1 Bd6 29.b3 Ra2
30.Bh6 Bc5 31.Qf3 Nf4 32.Bxf8 Bxf8 33.Rg3 Qxa5 34.Qd1 Qc7 35.Rgf3 Be7 36.Qb1 Ra3
37.Qb2 Qc5 38.Bc4 Qa5 39.g3 Nh3 40.Bd5 Ng5 41.Rd3 Kg7 42.Qc3 Bb4 43.Qb2 Ra2
44.Qb1 Ra3 45.Qc1 Bc3 46.Rxc3 Qxc3 47.Qxa3 Qxc2 48.Qe7+ Kh6 49.Qxf6  1-0